| 000 | 01772nam0a2200385 4500 | ||
|---|---|---|---|
| 001 | RU\NLR\BIBL_A\011827497 | ||
| 005 | 20211210161215.0 | ||
| 010 |
_a978-5-9500625-5-1 _950 |
||
| 021 |
_aRU _bКН-П-18-5001 _9КН-П-18-069602 |
||
| 035 | _a(NLR Aleph) 011827497 | ||
| 035 | _a(RuMoRGB)009746719 | ||
| 090 |
_a11993489 _c11993489 |
||
| 100 | _a20181018d2018 k y0rusy50 ca | ||
| 101 | 0 |
_aeng _arus _deng |
|
| 102 | _aRU | ||
| 105 | _aa z 100zy | ||
| 200 | 1 |
_aThird conference on software engineering and information management (SEIM-2018), Saint Petersburg, April 14, 2018 _e(full papers) _fYurii Litvinov [et al.] (editors) |
|
| 210 |
_aSaint Petersburg _c[s. n.] _d2018 |
||
| 215 |
_a66 с. _cил., цв. ил. _d28 |
||
| 300 | _aТекст на англ. и рус. яз. | ||
| 300 | _aРез. на англ. яз. | ||
| 320 | _aБиблиогр. в конце ст. | ||
| 541 | 1 | _aКонференция по программной инженерии и управлению информацией (SEIM-2018), Санкт-Петербург, 14 апреля 2018 года | |
| 606 | 1 |
_aПрограммная инженерия _jСъезды, совещания и т.п _2nlr_sh2 _3RU\NLR\AUTH\661542083 |
|
| 606 | 1 |
_aИнформация _xОбработка _jСъезды, совещания и т.п _2nlr_sh1 _2nlr_sh2 _3RU\NLR\AUTH\66477187 |
|
| 686 | 1 | _aЗ973.2-018я431(2) | |
| 686 | 1 | _aЗ811.3я431(2) | |
| 702 | 1 |
_6z45790 _aLitvinov _bJ. _gJurij _4340 |
|
| 710 | 1 | 2 |
_aConference on software engineering and information management _d3 _f2018 _eSaint-Petersburg _3RU\NLR\AUTH\880485641 |
| 942 | _cBOOK | ||
| 980 | _aNBR | ||
| 980 | _aNB | ||